Advanced control with MATLAB and SIMULINK / (Record no. 175931)
[ view plain ]
| 000 -LEADER | |
|---|---|
| fixed length control field | 00875 a2200229 4500 |
| 003 - CONTROL NUMBER IDENTIFIER | |
| control field | Nust |
| 005 - DATE AND TIME OF LATEST TRANSACTION | |
| control field | 20221006133635.0 |
| 010 ## - LIBRARY OF CONGRESS CONTROL NUMBER | |
| LC control number | 96176510 |
| 020 ## - INTERNATIONAL STANDARD BOOK NUMBER | |
| International Standard Book Number | 013309667X |
| 035 ## - SYSTEM CONTROL NUMBER | |
| System control number | (OCoLC)33970860 |
| 040 ## - CATALOGING SOURCE | |
| Transcribing agency | Nust |
| 082 00 - DEWEY DECIMAL CLASSIFICATION NUMBER | |
| Classification number | 629.8,ADV |
| 245 00 - TITLE STATEMENT | |
| Title | Advanced control with MATLAB and SIMULINK / |
| Statement of responsibility, etc. | edited by Jerzy Moⳣi⮳ki, Zbigniew Ogonowski. |
| 246 14 - VARYING FORM OF TITLE | |
| Title proper/short title | Advanced control with MATLAB & SIMULINK |
| 260 ## - PUBLICATION, DISTRIBUTION, ETC. | |
| Place of publication, distribution, etc. | London ; |
| -- | New York : |
| Name of publisher, distributor, etc. | E. Horwood, |
| Date of publication, distribution, etc. | 1995. |
| 300 ## - PHYSICAL DESCRIPTION | |
| Extent | xiv, 251 p. : |
| Other physical details | ill. ; |
| Dimensions | 24 cm. |
| 505 ## - FORMATTED CONTENTS NOTE | |
| Formatted contents note | Basic Systems Dynamics (Page-1), Control System Design (Page-53), Process Identification (Page-108), Neural Networks in Identification and Control (Page-150), Adaptive Control (Page-210). |
| 650 #0 - SUBJECT ADDED ENTRY--TOPICAL TERM | |
| Topical term or geographic name entry element | Telecommunication Engineering |
| 700 1# - ADDED ENTRY--PERSONAL NAME | |
| Personal name | Moⳣi⮳ki, Jerzy. |
| 9 (RLIN) | 99301 |
| 700 1# - ADDED ENTRY--PERSONAL NAME | |
| Personal name | Ogonowski, Zbigniew, |
| Dates associated with a name | 1954- |
| 9 (RLIN) | 99302 |
| 942 ## - ADDED ENTRY ELEMENTS (KOHA) | |
| Koha item type | Reference |
| Source of classification or shelving scheme | |
| Withdrawn status | Lost status | Source of classification or shelving scheme | Damaged status | Not for loan | Permanent Location | Current Location | Shelving location | Date acquired | Full call number | Barcode | Date last seen | Price effective from | Koha item type | Public note |
|---|---|---|---|---|---|---|---|---|---|---|---|---|---|---|
| Military College of Signals (MCS) | Military College of Signals (MCS) | Reference | 12/12/2016 | 629.8,ADV | MCS5603 | 12/08/2016 | 12/12/2016 | Reference | Almirah No.24, Shelf No.1 |
